000 00625nam a2200217Ia 4500
005 20221119111153.0
008 140110s9999 xx 000 0 und d
020 _a9780140433692
_cRs.699.00
040 _aLoreto College
041 _aEnglish
082 _a821.7
_bWOR
100 _aWordsworth,william
245 4 _aThe Prelude
_b The four texts(1798,1799,1805,1850)
_cWilliam Wordsworth;edited by Janathan Wordsworth
260 _aEngland
_bPenguin books
_c1995
300 _a667p.
440 _aPenguin classics
650 _aEnglish-poetry
700 _aWordsworth, Janathan ed.
850 _aLCLIB
942 _cBK
999 _c36569
_d87048